|
|
|
|
| LEADER |
00842nam a2200217 a 4500 |
| 001 |
834210 |
| 008 |
090623s1971 nyuabek bs 001 0 eng d |
| 010 |
|
|
|a 77117965
|
| 040 |
|
|
|a DLC
|c DLC
|d DLC
|
| 082 |
0 |
0 |
|a 658.8/7
|
| 100 |
1 |
|
|a Markin, Rom J.
|
| 245 |
1 |
0 |
|a Retailing management;
|b a systems approach
|c [by] Rom J. Markin, Jr.
|
| 260 |
|
|
|a New York,
|b Macmillan
|c [1971]
|
| 300 |
|
|
|a xi, 642 p.
|b illus., form, map, plans.
|c 24 cm.
|
| 350 |
|
|
|a $10.95
|
| 504 |
|
|
|a Includes bibliographical references.
|
| 541 |
1 |
|
|e 00002433
|
| 650 |
|
0 |
|a Retail trade
|x Management.
|
| 852 |
4 |
|
|a Ayesha Abed Library
|j General Shelf.
|
| 999 |
|
|
|c 2057
|d 2057
|
| 952 |
|
|
|0 0
|1 0
|2 ddc
|4 0
|6 658_870000000000000_MAR
|7 0
|9 1892
|a BRACUL
|b BRACUL
|c GEN
|d 2009-07-07
|g 0.00
|l 2
|m 2
|o 658.87 MAR
|p 3010002433
|r 2018-09-16
|s 2018-09-16
|t 1
|w 2009-07-07
|y BK
|x No price found in the accession register.
|